| Tag |
First Indicator |
Second Indicator |
Subfields |
| LEADER |
00000nam a2200000Ia 4500 |
| 001 |
in00004329913 |
| 005 |
20200812090610.0 |
| 006 |
m g d |
| 007 |
cr bn |||a|bb| |
| 008 |
030210s1695 stk o 000 0 lat d |
| 035 |
|
|
|a (OCoLC)51617607
|
| 040 |
|
|
|a EAE
|c EAE
|e dcrb
|
| 037 |
|
|
|a CL0037000117
|b ProQuest Information and Learning. 300 N. Zeeb Rd., Ann Arbor, MI 48106
|
| 090 |
|
|
|a PA2084
|b .K57 1695
|
| 049 |
|
|
|a UMIA
|
| 100 |
1 |
|
|a Kirkwood, James,
|d fl. 1698.
|
| 245 |
1 |
0 |
|a Grammatica Despauteriana cum nova novi generis glossa, :
|b cui subjunguntur singula primae partis exempla vernacule reddita, /
|c Authore Jacobo Kirkwodo, Dumbarensi.
|
| 260 |
|
|
|a Edinburgi :
|b Ex officina Georgii Mosman,
|c in Anno 1695.
|
| 300 |
|
|
|a 1 online resource ([8], 176 pages)
|
| 336 |
|
|
|a text
|b txt
|2 rdacontent
|
| 337 |
|
|
|a computer
|b c
|2 rdamedia
|
| 338 |
|
|
|a online resource
|b cr
|2 rdacarrier
|
| 500 |
|
|
|a First 4 leaves contain t.p. (verso blank), dedication, preface, and 'The priviledge', signed by Gilbert Eliot, clerk to the Privy Council.
|
| 500 |
|
|
|a With manuscript notes throughout.
|
| 500 |
|
|
|a P. 64 is misnumbered '94'.
|
| 500 |
|
|
|a In 4 parts; each part has separate t.p.
|
| 500 |
|
|
|a Imperfect: pages cropped; tightly bound with some loss of text.
|
| 500 |
|
|
|a Reproduction of the original in the National Library of Scotland.
|
| 510 |
4 |
|
|a Wing (2nd edition)
|c K643A
|
| 533 |
|
|
|a Electronic reproduction.
|b Ann Arbor, Mich. :
|c UMI,
|d 1999-
|f (Early English books online)
|n Digital version of: (Early English Books, 1641-1700 ; 2725:16)
|7 s1999 miun s
|
| 650 |
|
0 |
|a Latin language
|x Grammar
|y 1500-1800.
|
| 830 |
|
0 |
|a Early English books online.
|
| 856 |
4 |
0 |
|u http://proxy.library.tamu.edu/login?url=https://search.proquest.com/docview/2248525198
|z Connect to the full text of this electronic book
|t 0
|
| 999 |
f |
f |
|s fa7087ff-d9f8-3496-a256-0dbf2d07e6cc
|i c9f489af-8a84-3c20-8923-5b7e2381f5e5
|t 0
|
| 952 |
f |
f |
|a Texas A&M University
|b College Station
|c Electronic Resources
|d Available Online
|t 0
|e PA2084 .K57 1695
|h Library of Congress classification
|
| 998 |
f |
f |
|a PA2084 .K57 1695
|t 0
|l Available Online
|